=LDR 00000nam 2200000 4500 =001 INLIS000000000042689 =005 20131008015507 =008 ***********************************ind** =035 ##$$0010-101300000000611 =041 ##$$a ind =082 ##$$a 617.522 =090 ##$$a 617.522, Gen m =100 ##$$a Gentur Sujatmiko =245 ##$$a Masa depan cerah bagi anakku yang sumbing, Gentut sudjatmiko =260 ##$$a 2009 $b Jakarta =300 ##$$a 31 hlm, Ilus, 20 cm =650 ##$$a BIBIR SUMBING =850 ##$$a NBPNMAT